000 00217nam a2200097Ia 4500
008 120527s9999 xx 000 0 und d
100 _aN.U.C
245 _aManual on University management
260 _bFRN
942 _cBK
999 _c25370
_d25370